000 00731nam a2200217 a 4500
008 060316s1994 ||||||||||||||||| || u
020 _a0256112185
020 _a0256156026
020 _a0256137803
050 _aTS 155 Sch
100 _aSchonberger, Richard J
245 1 0 _aOperations management : continuous improvement. (5th ed.)
250 _a5th ed.
260 _aBurr Ridge
_bIrwin
_c1994
300 _axvii, 661 p. : ill.
350 _a0.00
500 _aIncludes bibliographical references
650 0 _aPRODUCTION MANAGEMENT
700 _aKnod, Edward M
995 _D0.00
_FCBU-MAIN LIBRARY (Kitwe)
_H1
_I18.95
_UAVAILABLE
_ZMain Library Open Access Collection
999 _c52675
_d52675